Six Letter Geography - C - Statistics

General Stats
  • This quiz has been taken 78 times
  • The average score is 8 of 10
Answer Stats
Hint Answer % Correct
Second largest country in the entire world Canada
100%
National park in the United States The Grand {Canyon}
94%
Former country during World War II {Czecho}slovakia
92%
Peninsula now part of Russian control Crimea
88%
Mexican city on the Yucatán Peninsula Cancun
82%
Island separated to two sides by the UN Cyprus
78%
Official count of a population in a specific area Census
76%
Former name of Sri Lanka Ceylon
76%
Old name of Guangzhou, China Canton
57%
Political and administrative division of states County
44%
No matching quizzes found
Score Distribution
Percent of People with Each Score
Percentile by Number Answered
Your Score History
You have not taken this quiz